Guess All Countries That Are Not Independent By Its Flags - Statistics

General Stats
  • This quiz has been taken 1,570 times
    842 since last reset
  • The average score is 26 of 54
Answer Stats
Picture Hint Answer % Correct
North America Greenland
82%
Asia Hong Kong
82%
Caribbean (North America) Puerto Rico
79%
Asia Palestine
77%
Europe Isle of Man
76%
Oceania American Samoa
75%
Europe Åland
70%
Africa Mayotte
69%
Caribbean (North America) Aruba
68%
Europe Faroe Islands
68%
Europe Gibraltar
68%
Oceania Guam
68%
Asia Macau
68%
South America French Guiana
59%
North America Bermuda
58%
Europe Jersey
58%
Asia Christmas Island
55%
Oceania Cook Islands
55%
Europe Guernsey
55%
Caribbean (North America) U.S. Virgin Islands
55%
Africa Western Sahara
55%
Caribbean (North America) Anguilla
53%
Oceania Niue
53%
Asia Tibet
53%
Oceania New Caledonia
52%
South America Falkland Islands / Islas Malvinas
50%
Oceania French Polynesia
48%
Caribbean (North America) Curaçao
47%
Caribbean (North America) Guadeloupe
46%
Oceania Norfolk Island
44%
Caribbean (North America) Martinique
43%
Caribbean (North America) Bonaire
42%
Caribbean (North America) British Virgin Islands
42%
Asia Cocos (Keeling) Islands
40%
Oceania Tokelau
39%
Caribbean (North America) Montserrat
38%
Oceania Northern Mariana Islands
38%
Asia British Indian Ocean Territory
36%
South America Easter Island
33%
North America Saint Pierre and Miquelon
33%
Caribbean (North America) Cayman Islands
32%
Oceania Wallis and Futuna
31%
Caribbean (North America) Saba
30%
Caribbean (North America) Sint Maarten
30%
Oceania Pitcairn Islands
29%
Africa St. Helena
27%
Caribbean (North America) Turks And Caicos Islands
27%
Africa Ascension
25%
Antarctica South Georgia and the South Sandwich Islands
24%
Caribbean (North America) Saint Barthélemy
23%
Caribbean (North America) Saint Martin
20%
Caribbean (North America) Sint Eustatius
20%
Africa Tristan Da Cunha
20%
South America The Galápagos Islands
9%
No matching quizzes found
Score Distribution
Percent of People with Each Score
Percentile by Number Answered
Your Score History
You have not taken this quiz since the last reset